| 000 | 01269cam a2200337 a 4500 | ||
|---|---|---|---|
| 001 | 1544573 | ||
| 003 | PILC | ||
| 005 | 20150903082532.0 | ||
| 008 | 911108s1992 nyu d 000 1 eng | ||
| 010 | _a 91043224 | ||
| 020 |
_a0385299109 : _c$23.50 ($27.50 Can.) |
||
| 020 | _a0385306636 (large print) | ||
| 020 | _a0440214114 | ||
| 040 |
_aDLC _cDLC _dDLC _dOCoLC _dDLC |
||
| 043 | _an-us-ca | ||
| 050 | 0 | 0 |
_aPS 3569.T33828 _b.St813 1992 |
| 082 | 0 | 0 | _a813/.54 |
| 100 | 1 | _aSteel, Danielle. | |
| 245 | 1 | 0 |
_aMixed blessings / _cDanielle Steel. |
| 260 |
_aNew York, N.Y. : _bDelacorte Press, _c1992. |
||
| 300 |
_a416 pages ; _c25 cm. |
||
| 650 | 0 | _aLarge type books. | |
| 651 | 0 |
_aCalifornia _xFiction. |
|
| 655 | 7 |
_aDomestic fiction. _2lcsh |
|
| 856 | 4 | 1 |
_3Sample text _uhttp://www.loc.gov/catdir/samples/random041/91043224.html |
| 856 | 4 | 2 |
_3Publisher description _uhttp://www.loc.gov/catdir/description/random042/91043224.html |
| 856 | 4 | 2 |
_3Contributor biographical information _uhttp://www.loc.gov/catdir/enhancements/fy0703/91043224-b.html |
| 906 |
_a7 _bcbc _corignew _d1 _eocip _f19 _gy-gencatlg |
||
| 942 |
_2lcc _cBK _kFOR |
||
| 999 |
_c288583 _d288583 |
||